00394nam a2200133Ia 45000010005000000080041000050200022000460820023000681000032000912450068001232600027001919010027002189990015002452220241024s9999 xx 000 0 und d a978-9945-8790-1-8 aRD/370.97293/L732f aDinorah Lima (de) Jiménez 0aFormación de docentes y alfabetización. Un estudio de casos bPUCMM/CIEDHUMANOc2011 a11/5/2012 2:20:22 p.m. c9138d9138